00440nam a2200133 a 450000100100000000500170001000800410002702000150006824500660008326000190014995201100016899900150027804000130029300000241520200929150207.0090702s1997 000 spa d a8489384134 3aLa ciudad de los niños : un modo nuevo de pensar la ciudad. aMadrid,c1997. 001052708MOaGRbGRcHDd2009-07-02iLF1l0o p2415-10r2020-06-25w2020-06-25y2ZPréstamo interno c2251d2251 aDO-SdBNP